Die anatomie des Menschen / (Record no. 103788)
[ view plain ]
| 000 -LEADER | |
|---|---|
| campo de control de longitud fija | 00838nam a2200169 i 4500 |
| 001 - NÚMERO DE CONTROL | |
| campo de control | 103788 |
| 003 - IDENTIFICADOR DE NÚMERO DE CONTROL | |
| campo de control | ES-MaACL |
| 005 - FECHA Y HORA DE LA ÚLTIMA TRANSACCIÓN | |
| campo de control | 20230906183438.0 |
| 007 - CAMPO FIJO DE DESCRIPCIÓN FÍSICA--INFORMACIÓN GENERAL | |
| campo de control de longitud fija | t| |
| 008 - DATOS DE LONGITUD FIJA--INFORMACIÓN GENERAL | |
| campo de control de longitud fija | 051118s19131918gw ||||1| ger d |
| 100 1# - ENTRADA PRINCIPAL--NOMBRE DE PERSONA | |
| Nombre de persona | Merkel, Friedrich. |
| 9 (RLIN) | 80557 |
| 245 14 - MENCIÓN DEL TÍTULO | |
| Título | Die anatomie des Menschen / |
| Mención de responsabilidad, etc. | von Dr. Merkel Friedrich. |
| 260 ## - PUBLICACIÓN, DISTRIBUCIÓN, ETC. | |
| Lugar de publicación, distribución, etc. | Wiesbaden : |
| Nombre del editor, distribuidor, etc. | Bergman, |
| Fecha de publicación, distribución, etc. | 1913-18. |
| 300 ## - DESCRIPCIÓN FÍSICA | |
| Extensión | 6 t. en 11 v. : |
| Otras características físicas | il. ; |
| Dimensiones | 28 cm. |
| 505 8# - NOTA DE CONTENIDO CON FORMATO | |
| Nota de contenido con formato | Contiene: T.I.-- Allegemeine Gewebelehre, Grundaüge der Entwickelungstehre T.II.-- Skeletlehre. Passirer Bewegungsapparat: Knochen un Bïnder...Text-Atlas T.III.-- Muskellehre Aktiver Bewegungsapparat...Text-Atlas T.IV.-- Eingeweidelehre...Text-Atlas T.V.-- Haut, Sinnesorgane und nervöse zentralorgane...Text-Atlas T.VI.-- Peripherische Nerven und Gefèabsystem...Text-Atlas |
| 852 ## - LOCALIZACIÓN | |
| Ubicación | ES-MaACL |
| Número de control de estantería | B-10973-83 |
| Estatus retirado | Estado de pérdida | Estado de daño | No para préstamo | Biblioteca de origen | Biblioteca actual | Ubicación en estantería | Fecha de adquisición | Fuente de adquisición | Total de préstamos | Signatura topográfica completa | Código de barras | Visto por última vez | Precio de reemplazo | Tipo de ítem Koha |
|---|---|---|---|---|---|---|---|---|---|---|---|---|---|---|
| Biblioteca del Ateneo de Madrid | Biblioteca del Ateneo de Madrid | Sala Pardo Bazán | 17/01/2008 | B-10973-83 | 1108360 | 23/02/2023 | 23/02/2023 | Libro impreso |
